000 01288nam a2200289 a 4500
001 BRCA_8295
005 20190320210220.0
008 160614s1797----fr-ab##f##---#000-0#fre-#
041 _afre
044 _afr
050 4 _aDS35.5
_b.V6 1797
100 1 _aKerym, Abdoul
_920712
245 1 0 _aVoyage de l´Inde a la Mekke
_cAbdoul Kerym ; extrait et tradnit de la version anglaise de ses memoires, avec des notes géographiques, littéraires &c. par L. Langlés.
260 _aParis
_bL´imprimerie de Crapelet
_c1797
300 _a6 v.
_bil., mapas, grabados
_c14 cm.
500 _aEn el lomo: Voyages de L´Inde
500 _aEdición de cantos dorados
500 _aSello de ex-libris: Harry Caresse
500 _aS101
505 0 _av.1 Voyage de L´Inde a la Mekke.-- v.2 Voyages de La Perse dans L´Inde et du Bengal en Perse.-- v.3 Voyages de La Perse dans L´Inde et du Bengal en Perse (continuación).-- v.4 Voyage pittoresque de L´Inde fait dans les anées 1780-1783.-- v.5 Voyage pittoresque de L´Inde fait dans les anées 1780-1783 (continuación).-- v.6 Atlas
650 1 4 _aIslamismo
_920713
651 4 _aIndia
_xDescripción y viajes
_917294
651 4 _aArabia Saudita
_zLa Meca
_920714
700 1 _aLanglés, L.
_etr.
_920715
902 _aGFM
942 _2lcc
_cB
999 _c7963
_d7963